000 01055nmc a2200337 a 4500
003 AR-BaBNM
005 20251128211711.0
008 085020s2004 ||||||||||||||000 | spa||
020 _a987-9433-21-1
040 _cAR-BaBNM
245 1 0 _aSiete autores
_bla nueva generación
250 _a1ª ed.
260 _aBuenos Aires
_bInstituto Nacional del Teatro
_c2004
300 0 _a154 p.
490 0 _aColección Serie Premios
505 _tYace al caer la tarde
_rDe la Puente, Maximiliano
505 _tGlobo
_rRojas Apel, Alberto
505 _tEso esférico sobre el coso nuevo
_rFernández, María Laura
505 _tCangrejal
_rBinetti, Andrés Eneas
505 _tDolor de pubis
_rGiacometto, Leonel
505 _tLas riendas
_rGobernori, Santiago
650 4 _aLITERATURA ARGENTINA
650 4 _aTEATRO
650 4 _aLITERATURA CONTEMPORANEA
650 4 _aANTOLOGIAS
650 4 _aLITERATURA LATINOAMERICANA
655 _aLITERATURA
700 1 _aGonzález, María de los Angeles
_eprologuista
942 _cBK
998 _cmartin
999 _c20772
_d20772